000 01511nam a2200253Ia 4500
999 _c53472
_d53472
001 20518
003 GE_BSU
005 20210116232442.0
008 181216s1973||||ge |||||||||||||| || ||
040 _cGE_BSU
041 _ageo
080 _a811.353.1'367(075.8) დ-15
100 _aდავითიანი, აკაკი
_97697
245 _aქართული ენის სინტაქსი ნაწ. 1 სინტაქსის ზოგადი საკითხები მარტივი წინადადება :
_bქართული ენის სპეცკურსის სახელმძღვ. პედ. ინ-ტების ფილოლოგიის ფაკ-ტის სტუდენტთათვის /
_cაკაკი დავითიანი ; რედ. ეთ. გელაშვილი.
264 _aთბილისი :
_bგანათლება,
_c1973.
300 _a425 გვ. ;
_c22 სმ.
541 _h2ლ.50თ.
653 _aქართული ენა
653 _aქართული ენის სინტაქსი
653 _a სახელმძღვანელოები უმაღლესი სასწავლებლებისათვის
653 _a მარტივი წინადადება ქართულ ენაში
700 _aგელაშვილი, ეთ.
_eრედაქტორი
_97567
942 _cBK
_2udc